| 000 | 00887cam a2200289 a 4500 | ||
|---|---|---|---|
| 001 | 14757723 | ||
| 005 | 20180814040634.0 | ||
| 008 | 070305s2008 njua 001 0 eng | ||
| 010 | _a 2007009390 | ||
| 015 |
_aGBA734461 _2bnb |
||
| 016 | 7 |
_a013740384 _2Uk |
|
| 020 | _a9780131993235 | ||
| 020 | _a0131993232 | ||
| 020 | _a9780132321464 (pbk.) | ||
| 020 | _a0132321467 (pbk.) | ||
| 035 | _a(OCoLC)85814183 | ||
| 040 |
_aDLC _cDLC _dYDX _dBAKER _dBTCTA _dYDXCP _dOCLCG _dUKM _dDLC |
||
| 041 | _aeng | ||
| 080 | _a540 | ||
| 082 | 0 | 0 |
_a540 _222 |
| 100 | 1 | _a12 | |
| 101 | _akim | ||
| 245 | 1 | 0 |
_aChemistry / _cJohn E. McMurry, Robert C. Fay. |
| 906 |
_a7 _bcbc _corignew _d1 _eecip _f20 _gy-gencatlg |
||
| 942 |
_2ddc _cBK |
||
| 999 |
_c47077 _d47077 |
||